Statistics for Languages: Vegetables from Hungarian to English

Click here to take the quiz!

General Stats

  • This quiz has been taken 52 times
  • The average score is 10 of 14

Answer Stats

In HungarianAnd in English% Correct
narancsorange
100%
banánbanana
97%
ananászpineapple
92%
almaapple
90%
hagymaonion
87%
paradicsomtomato
79%
sárgarépacarrot
77%
káposztacabbage
74%
dinnyemelon
69%
burgonyapotato
67%
fokhagymagarlic
67%
tökpumpkin
59%
zellercelery
59%
póréhagymaleek
31%

Score Distribution

Percentile by Number Answered

Percent of People with Each Score

Your Score History

You have not taken this quiz